000 00688nam a22001937a 4500
003 OSt
005 20251106024602.0
008 251106b |||||||| |||| 00| 0 eng d
020 _a0-7876-4787-x.
040 _aDWCL-Admin lib
_cOC
082 _aGR. 282.03 N532 2001
100 _aThe Catholic University of America
245 _a New Catholic encyclopedia : jubilee volume : the Wojtyla years /
_cThe Catholic University of America
260 _aWashington, D. C. :
_bThe Catholic University of America,
_cc2001.
300 _axiii, 681 p. : ill. ;
_c29 cm.
504 _aIncludes bibliographical references.
650 _a1. Catholic church-Encyclopedias.
942 _2ddc
_cGR
_kGR.
_n0
999 _c5546
_d5546